Introduction to engineering mathematics (Record no. 3649)

MARC details
000 -LEADER
fixed length control field 00378nam a22001457a 4500
008 - FIXED-LENGTH DATA ELEMENTS--GENERAL INFORMATION
fixed length control field 250524b |||||||| |||| 00| 0 eng d
020 ## - INTERNATIONAL STANDARD BOOK NUMBER
ISBN 0201624427
100 ## - MAIN ENTRY--AUTHOR
Author Croft, Anthony
245 ## - TITLE STATEMENT
Title Introduction to engineering mathematics
260 ## - PUBLICATION, DISTRIBUTION, ETC. (IMPRINT)
Place of publication England
Name of publisher Addison-wesley
Date of publication 1998
300 ## - COLLATION
Pagination xii,762
650 ## - TRACINGS
Main Subject engineering mathematics
942 ## - ADDED ENTRY ELEMENTS (KOHA)
Item type Books
050 ## - LIBRARY OF CONGRESS CALL NUMBER
Classification number QA37
Item number .C76
Holdings
Source of classification or shelving scheme Not for loan Permanent location Current location Date acquired Accession No. Full call number Barcode. Koha item type
Library of Congress Classification   Samuel Ogbemudia Main Library, University of Abuja Samuel Ogbemudia Main Library, University of Abuja 05/24/2025 2025/250 QA37.C76 2025-2140 Books
Library of Congress Classification   Samuel Ogbemudia Main Library, University of Abuja Samuel Ogbemudia Main Library, University of Abuja 05/24/2025 2025/250 QA37.C76 2025-2141 Books
Library of Congress Classification   Samuel Ogbemudia Main Library, University of Abuja Samuel Ogbemudia Main Library, University of Abuja 05/24/2025 2025/250 QA37.C76 2025-2142 Books